=LDR 00000nam 2200000 4500 =001 INLIS000000000022859 =005 20130612121556 =008 ***********************************Ind** =035 ##$$0010-061300000022859 =041 ##$$a Ind =082 ##$$a 657.32 =090 ##$$a 657.32, Muk-d =100 ##$$a Muhtar, Z.A =245 ##$$a Dasara-dasar akuntansi; Z.A. Moechhtar =260 ##$$a (19...) $b Surabaya =300 ##$$a 309 hlm., ilus, 21 cm =650 ##$$a Akuntansi-dasar =850 ##$$a NBPNMAT